000
00262 a2200109 4500
001
75093
082
_a
629.8 BLA
090
_c
39094
_d
39094
100
_a
Blacklock, J.H
245
_a
Automatic control of aircraft and missiles
_h
English
260
_b
Wiley
_c
1965
942
_a
NUST-CAE
_k
629.8 BLA
999
_c
310166
_d
310166